Normal view
MARC view
- Leps ,Jan & Smilauer Petr
Entry Personal Name
001 - CONTROL NUMBER
- control field: 91974
003 - CONTROL NUMBER IDENTIFIER
- control field: NUST
005 - DATE AND TIME OF LATEST TRANSACTION
- control field: 20220601120119.0
008 - FIXED-LENGTH DATA ELEMENTS
- fixed length control field: 220601|| aca||aabn | a|a d
040 ## - CATALOGING SOURCE
- Original cataloging agency: NUST
- Transcribing agency: NUST
100 ## - HEADING--PERSONAL NAME
- Personal name: Leps ,Jan & Smilauer Petr
670 ## - SOURCE DATA FOUND
- Source citation: Work cat.: (NUST): Leps ,Jan & Smilauer Petr, Biostatistics With R, 2020.
